| 000 | 00754nam a22001577a 4500 | ||
|---|---|---|---|
| 003 | OSt | ||
| 005 | 20150913113608.0 | ||
| 008 | 150913b xxu||||| |||| 00| 0 eng d | ||
| 040 | _cRUA | ||
| 082 | _aAGR KOL 1998 B021 Or.1 | ||
| 100 |
_9388 _aKOL, LYNA. |
||
| 245 | _aThe economix impact of sitophilus xeamais on stock of yellow corn in the warehouses around phnom penh ឥទ្ធិពលសេដ្ឋកិច្ចរបស់ខ្មូតSITOPHILUS ZEAMAIS ទៅលើការស្ដុកគ្រាប់ពោតក្រហមនៅតាមបណ្ដាឃ្លាំងនានាជុំវិញរាជធានីភ្នំពេញ | ||
| 260 |
_aPhnom Penh _bRUA _c1998 |
||
| 300 |
_a68p. _bill. _c29cm. |
||
| 942 |
_2ddc _cAGR |
||
| 999 |
_c367 _d367 |
||